US Vice Presidents - One Minute Sprint - Statistics

General Stats
  • This quiz has been taken 3,204 times
    2,584 since last reset
  • The average score is 25 of 48
Answer Stats
Term Vice-President % Correct
1961-1963 Lyndon B. Johnson
87%
2009-2017 Joe Biden
86%
1865 Andrew Johnson
85%
1789-1797 John Adams
85%
1837-1841 Richard Johnson
85%
1981-1989 George H. W. Bush
79%
1797-1801 Thomas Jefferson
78%
1993-2001 Al Gore
76%
2001-2009 Dick Cheney
73%
1973-1974 Gerald Ford
70%
1953-1961 Richard Nixon
68%
1901 Theodore Roosevelt
67%
1945 Harry Truman
66%
1989-1993 Dan Quayle
62%
1977-1981 Walter Mondale
61%
1969-1973 Spiro Agnew
58%
1801-1805 Aaron Burr
56%
1921-1923 Calvin Coolidge
53%
1805-1812 George Clinton
52%
1974-1977 Nelson Rockefeller
52%
1881 Chester A. Arthur
50%
1965-1969 Hubert Humphrey
50%
1841 John Tyler
50%
1941-1945 Henry A. Wallace
47%
1933-1941 John Nance Garner
45%
1833-1837 Martin Van Buren
45%
1849-1850 Millard Fillmore
45%
1813-1814 Elbridge Gerry
44%
1861-1865 Hannibal Hamlin
44%
2017- Mike Pence
44%
1825-1832 John C. Calhoun
42%
1949-1953 Alben Barkley
41%
1929-1933 Charles Curtis
40%
1853 William R. King
40%
1925-1929 Charles G. Dawes
39%
1817-1825 Daniel D. Tompkins
37%
1873-1875 Henry Wilson
35%
1893-1897 Adlai E. Stevenson
34%
1845-1849 George M. Dallas
34%
1897-1899 Garret Hobart
32%
1877-1881 William A. Wheeler
32%
1889-1893 Levi P. Morton
31%
1909-1912 James S. Sherman
30%
1869-1873 Schuyler Colfax
30%
1913-1921 Thomas R. Marshall
30%
1885 Thomas A. Hendricks
29%
1905-1909 Charles W. Fairbanks
28%
1857-1861 John C. Breckinridge
28%
No matching quizzes found
Score Distribution
Percent of People with Each Score
Percentile by Number Answered
Your Score History
You have not taken this quiz since the last reset